000
00266nam a2200109Ia 4500
008
260210s9999 xx 000 0 und d
020
_a
9788997603329
100
_a
Equal Books
245
0
_a
Frame: Details In Japan Architecture
260
_b
Equal Books
942
_c
UG
999
_c
14313
_d
14313